Tax aspects of the Black lung benefits reform act of 1977 : hearing before the Subcommittee on Taxation and Debt Management Generally, of the Committee on Finance, United States Senate, Ninety-fifth Congress, first session, on S. 1538 ... June 17, 1977.

Bibliographic Details
Corporate Authors: United States. Congress. Senate. Committee on Finance. Subcommittee on Taxation and Debt Management Generally, ProQuest (Firm)
Format: Government Document eBook
Language:English
Published: Washington : U.S. Govt. Print. Off, 1977.
Series:U.S. Congressional Hearings.
Subjects:
Online Access:Connect to the full text of this electronic book

MARC

Tag First Indicator Second Indicator Subfields
LEADER 00000cam a22000001a 4500
001 in00003194313
006 m d f
007 cr bn mmmapmmp
008 090922s1977 dcu o f000 0 eng d
005 20260604205607.2
035 |a cis2007442901 
040 |a UMI  |c UMI  |d UtOrBLW 
043 |a n-us--- 
074 |a 1038 
086 0 |a Y 4.F 49:T 19/54/977 
099 |a HRG-1977-FNS-0025 
110 1 |a United States.  |b Congress.  |b Senate.  |b Committee on Finance.  |b Subcommittee on Taxation and Debt Management Generally. 
245 1 0 |a Tax aspects of the Black lung benefits reform act of 1977 :  |b hearing before the Subcommittee on Taxation and Debt Management Generally, of the Committee on Finance, United States Senate, Ninety-fifth Congress, first session, on S. 1538 ... June 17, 1977. 
264 1 |a Washington :  |b U.S. Govt. Print. Off,  |c 1977. 
300 |a 1 online resource. 
336 |a text  |b txt  |2 rdacontent 
337 |a computer  |b c  |2 rdamedia 
338 |a online resource  |b cr  |2 rdacarrier 
538 |a System requirements: PDF reader software. 
500 |a Electronic resource. 
650 0 |a Coal miners  |z United States. 
650 0 |a Disability insurance  |z United States. 
650 0 |a Lungs  |x Dust diseases. 
655 7 |a Electronic books.  |2 local 
710 2 |a ProQuest (Firm) 
776 0 8 |i Print version:  |a United States. Congress. Senate. Committee on Finance. Subcommittee on Taxation and Debt Management Generally.  |t Tax aspects of the Black lung benefits reform act of 1977  |w (OCoLC)03209195  |w gp 77015692 
776 0 8 |i Microfiche version:  |a United States. Congress. Senate. Committee on Finance. Subcommittee on Taxation and Debt Management Generally.  |t Tax aspects of the Black lung benefits reform act of 1977.  |d [Bethesda, Md.] : ProQuest,[2004]  |o CIS 77 S361-15  |w (ProQuest)cis07702574 
830 0 |a U.S. Congressional Hearings. 
856 4 0 |u http://proxy.library.tamu.edu/login?url=https://congressional.proquest.com/congcomp/getdoc?HEARING-ID=HRG-1977-FNS-0025  |z Connect to the full text of this electronic book  |t 0 
998 |a cis07702574 
999 |a MARS 
999 f f |s a13db2f9-4e52-3c80-aeed-24be54f264a2  |i fa37ce99-fb63-346b-aea6-7719d49ba3d8  |t 0 
952 f f |a Texas A&M University  |b College Station  |c Electronic Resources  |s www_evans  |d Available Online  |t 0  |e HRG-1977-FNS-0025  |h Other scheme 
998 f f |a HRG-1977-FNS-0025  |t 0  |l Available Online